Catalog

Record Details

Catalog Search



The New Heart : An Introduction to The Sermon on the Mount Cover Image Book Book

The New Heart : An Introduction to The Sermon on the Mount Frederick Neumann ; Translated by Edith Neumann

Neumann, Frederick (Author).

Record details

  • Physical Description: 236 p.
  • Publisher: USA Princeton University Press 1991

Available copies

  • 1 of 1 copy available at Common Catalog SPOK.

Holds

  • 0 current holds with 1 total copy.
Show Only Available Copies
Location Call Number / Copy Notes Barcode Shelving Location Status Due Date
ETS Library 248 424470011590 Volný výběr Available -

LDR 00648nam a2 00229
00144420
003CZ-PrJAB
00520090317000000.0
008090317s1991 xxu e |||| |eng
009us
035 . ‡a(CONS)6263
035 . ‡aKPS13001
040 . ‡aABG450
041 . ‡aeng
08214. ‡a248
100 . ‡76804 ‡aNeumann, Frederick
245 . ‡aThe New Heart : ‡bAn Introduction to The Sermon on the Mount ‡cFrederick Neumann ; Translated by Edith Neumann
260 . ‡aUSA ‡bPrinceton University Press ‡c1991
300 . ‡a236 p.
653 . ‡aThe New Heart
8524 . ‡bETS ‡bETS ‡cVolný výběr ‡j248 ‡gA ‡p424470011590
910 . ‡aABG450
999 . ‡a6263 ‡bAUTOGEN ‡c6263 ‡tbiblio
905 . ‡uadmin
901 . ‡a44420 ‡b ‡c44420 ‡tbiblio ‡sets

Additional Resources